Minecraft Quiz #2 - Statistiken

Allgemein
  • Dieses Quiz wurde 1.108 mal gespielt
  • Das Durchschnittsergebnis liegt bei 2 aus 5
Antwortstatistiken
Frage Antwort % Korrekt
Wie viele Schallplatten gibt es in Minecraft? 16
56%
Welches Item bekommt man nur über Commands und nicht in Survival oder im Kreativinventar? Wurftrank des Glücks
46%
Welcher dieser Blöcke kann von einem Feuerball eines Ghasts in die Luft gesprengt werden? Braustand
37%
Was wird von einer nicht verzauberten Eisenaxt schneller abgebaut? Chorusblüte
29%
Welches von diesen Items existiert nicht in Minecraft? Oxidierter gewitterter Kupferblock
11%
Keine übereinstimmenden Quizze gefunden
Verteilung der Resultate
Anzahl Personen mit jedem Resultat
Perzentil nach korrekt beantworteten Fragen
Ihre Resultats-Entwicklung
Sie haben dieses Quiz noch nicht gespielt